Datum a čas kvízu
27
Celkem bodů
Celkový počet nahraných bodů na tomto kvízu bez doplňovacích otázek.
3.
Pořadí na kvízu
Konečné umístění týmu na tomto kvízu.
Zaznamenané odpovědi
| # | Otázka | Odpověď | Body | Výsledky |
|---|---|---|---|---|
| 1. | Český národ si dokáže udělat s... | 1 | ||
| 2. | Těsně před Vánocemi se na Mezi... | 1 | ||
| 3. | Tento britský herec, který v z... | 1 | ||
| 4. | Technologičtí giganti jako Fac... | 0 | ||
| 5. | Zdá se, že nám roste v jižních... | 0 | ||
| 6. | Pro mimobrněnské soutěžící upř... | 1 | ||
| 7. | Bývalé pražské nakladatelství... | 0 | ||
| 8. | Na jméno české metalové skupin... | 1 | ||
| 9. | Plod listnatého stromu z čeled... | 1 | ||
| 10. | Ze šalinkarty vyberete i to, c... | 1 |